<?xml version="1.0" encoding="UTF-8"?>
<record
    xmlns:xsi="http://www.w3.org/2001/XMLSchema-instance"
    xsi:schemaLocation="http://www.loc.gov/MARC21/slim http://www.loc.gov/standards/marcxml/schema/MARC21slim.xsd"
    xmlns="http://www.loc.gov/MARC21/slim">

  <leader>00384nam a22001217a 4500</leader>
  <datafield tag="999" ind1=" " ind2=" ">
    <subfield code="c">27</subfield>
    <subfield code="d">27</subfield>
  </datafield>
  <controlfield tag="005">20200811152653.0</controlfield>
  <controlfield tag="008">200805b           ||||| |||| 00| 0 eng d</controlfield>
  <datafield tag="020" ind1=" " ind2=" ">
    <subfield code="a">0080196152</subfield>
  </datafield>
  <datafield tag="040" ind1=" " ind2=" ">
    <subfield code="c">CML</subfield>
  </datafield>
  <datafield tag="245" ind1=" " ind2=" ">
    <subfield code="a">Attention And Memory.</subfield>
    <subfield code="c">Underwood, G.</subfield>
  </datafield>
  <datafield tag="260" ind1=" " ind2=" ">
    <subfield code="a">England</subfield>
    <subfield code="b">Library of Congress Cataloging in Publication Data</subfield>
    <subfield code="c">1976</subfield>
  </datafield>
  <datafield tag="942" ind1=" " ind2=" ">
    <subfield code="2">ddc</subfield>
    <subfield code="c">BK</subfield>
    <subfield code="e">2nd Edition</subfield>
    <subfield code="h">153.12</subfield>
    <subfield code="k">UND</subfield>
  </datafield>
  <datafield tag="952" ind1=" " ind2=" ">
    <subfield code="0">0</subfield>
    <subfield code="1">0</subfield>
    <subfield code="2">ddc</subfield>
    <subfield code="4">0</subfield>
    <subfield code="7">0</subfield>
    <subfield code="8">0100 - PHIL</subfield>
    <subfield code="a">CML</subfield>
    <subfield code="b">CML</subfield>
    <subfield code="c">PHIL</subfield>
    <subfield code="d">2020-08-05</subfield>
    <subfield code="l">0</subfield>
    <subfield code="o">153.12 UND</subfield>
    <subfield code="r">2020-08-05</subfield>
    <subfield code="t">1</subfield>
    <subfield code="w">2020-08-05</subfield>
    <subfield code="y">BK</subfield>
  </datafield>
</record>
